[Event "56th ch-RUS"]
[Site "Krasnoyarsk RUS"]
[Date "2003.09.08"]
[Round "5"]
[White "Najer,E"]
[Black "Ivanov,Se1"]
[Result "1-0"]
[WhiteElo "2608"]
[BlackElo "2556"]

1.d4 Nf6 2.c4 e6 3.Nf3 b6 4.a3 c5 5.d5 Ba6 6.Qc2 exd5 7.cxd5 g6 8.Nc3 Bg7
9.g3 O-O 10.Bg2 d6 11.O-O Re8 12.Re1 Nbd7 13.h3 b5 14.Bf4 Nb6 15.e4 Qd7 16.Bf1 Nh5
17.Be3 b4 18.Bxa6 bxc3 19.bxc3 Qxh3 20.Ng5 Qd7 21.Bd2 Nf6 22.Kg2 h6 23.Nf3 Rab8
24.a4 Re7 25.Rab1 Qe8 26.Bb5 Qd8 27.Rbd1 Na8 28.c4 Ng4 29.Bc3 Nc7 30.Bxg7 Kxg7
31.Qc3+ f6 32.Nd2 a6 33.Bc6 Ne5 34.Rb1 Ne6 35.Nf3 Nxf3 36.Qxf3 Nd4 37.Qd3 Nxc6
38.dxc6 Rc8 39.Qd5 Re5 40.Rb7+ Rc7 41.Rxc7+ Qxc7 42.Rb1 Rxd5 43.Rb7 Re5 44.Rxc7+ Kf8
45.Rh7 Re7 46.c7  1-0

[Event "56th ch-RUS"]
[Site "Krasnoyarsk RUS"]
[Date "2003.09.09"]
[Round "6"]
[White "Tregubov,P"]
[Black "Yemelin,V"]
[Result "1/2-1/2"]
[WhiteElo "2635"]
[BlackElo "2550"]

1.d4 Nf6 2.c4 e6 3.Nf3 b6 4.a3 c5 5.d5 Ba6 6.Qc2 exd5 7.cxd5 g6 8.Bf4 d6
9.Nc3 Bg7 10.Qa4+ Qd7 11.Bxd6 Qxa4 12.Nxa4 Nxd5 13.O-O-O Nf6 14.Nc3 Nc6 15.Ne5 Nxe5
16.Bxe5 O-O 17.e4 Bxf1 18.Rhxf1 Rfe8 19.Bxf6 Bxf6 20.Nd5 Bd8 21.Rfe1 Rc8
22.Kc2 a6 23.a4 Rc6 24.Re3 Rce6 25.Rde1 Rd6 26.f4 f6 27.g4 b5 28.b3 Ba5 29.Rd1 bxa4
30.bxa4 c4 31.g5 fxg5 32.fxg5 Red8 33.Rb1 Kg7 34.Rf3 h6 35.Rb7+ R6d7 36.Rxd7+ Rxd7
37.gxh6+ Kxh6 38.Rf6 Be1 39.Rxa6 Kg5 40.Kd1 Bf2 41.Ke2 Bd4 42.Rc6 Rh7 43.Rxc4 Rxh2+
44.Kd3 Be5 45.Rc2 Rh3+ 46.Kc4 Ra3 47.Kb4 Ra1 48.Kb5 Kg4 49.Ne7 g5 50.Nc6 Bc7
51.e5 Re1 52.Rc5 Kh3 53.a5 g4 54.a6 g3 55.a7 Ra1 56.Rc1 Rxa7 57.Nxa7 Bxe5
58.Nc6 Bb2 59.Rh1+ Kg4 60.Kc4 g2 61.Rb1 Kf3 62.Nb4 Be5 63.Nd3 Bh2 64.Ne1+ Kf2
65.Rb2+ Kxe1  1/2-1/2

[Event "56th ch-RUS"]
[Site "Krasnoyarsk RUS"]
[Date "2003.09.12"]
[Round "9"]
[White "Bocharov,D"]
[Black "Epishin,V"]
[Result "1/2-1/2"]
[WhiteElo "2526"]
[BlackElo "2642"]

1.d4 Nf6 2.Nf3 e6 3.c4 b6 4.a3 Bb7 5.Nc3 d5 6.Bg5 Be7 7.Bxf6 Bxf6 8.cxd5 exd5
9.g3 O-O 10.Bg2 c5 11.O-O Na6 12.e3 Qe7 13.Qd2 Rfd8 14.Rad1 Nc7 15.h4 Rab8
16.Nh2 Bc8 17.f4 b5 18.f5 b4 19.axb4 cxd4 20.exd4 Rxb4 21.Qf2 h5 22.Rd2 Re8
23.Ra1 a6 24.Nf1 Qd7 25.Qf4 Bb7 26.Rad1 Nb5 27.Nxb5 Qxb5 28.Qf2 Bc6 29.g4 hxg4
30.Nh2 g3 31.Qxg3 Qb8 32.Qf2 Qd8 33.Nf3 Bd7 34.Ne5 Bxe5 35.dxe5 Qxh4 36.Qxh4 Rxh4
37.e6 fxe6 38.fxe6 Bxe6 39.Bxd5 Bxd5 40.Rxd5 Rg4+ 41.Kf2 Rf8+ 42.Ke3 Rf6
43.Rd6 Rgg6 44.Rxf6 Rxf6 45.Rd8+ Kh7 46.Ke2 Kg6 47.b4 Kh5 48.Rh8+ Kg4 49.Rh1 Re6+
50.Kf2  1/2-1/2

[Event "TCh-CRO"]
[Site "Rabac CRO"]
[Date "2003.09.13"]
[Round "7"]
[White "Kozul,Z"]
[Black "Shariyazdanov,A"]
[Result "1-0"]
[WhiteElo "2596"]
[BlackElo "2565"]

1.d4 Nf6 2.c4 e6 3.Nf3 b6 4.a3 Bb7 5.Nc3 d5 6.cxd5 exd5 7.g3 Bd6 8.Bh3 O-O
9.Bg5 h6 10.Bxf6 Qxf6 11.O-O Rd8 12.Qb3 Bf8 13.Rad1 Na6 14.Ne5 c5 15.e3 Qe7
16.Bg2 Nc7 17.Rfe1 Rab8 18.f4 cxd4 19.exd4 Qd6 20.Rc1 Re8 21.Bf1 Re7 22.Bd3 Rbe8
23.Bb1 g6 24.Rf1 Bg7 25.Qc2 Ba6 26.Rfd1 Bb7 27.Rd2 Rc8 28.Qb3 Rce8 29.h4 h5
30.Bd3 Ne6 31.Bf1 Nc7 32.Bg2 Kh7 33.Qc2 Bc8 34.Qa4 f6 35.Nf3 a5 36.Nd1 Bd7
37.Qc2 Nb5 38.Qb3 Na7 39.Nc3 Rc8 40.Re1 Rxe1+ 41.Nxe1 Be6 42.Nf3 Rd8 43.Re2 Bg4
44.Re1 b5 45.Nh2 a4 46.Qc2 Bf5 47.Qf2 Be4 48.Nxe4 dxe4 49.f5 Qxd4 50.Bxe4 Qxf2+
51.Kxf2 Rd2+ 52.Re2 Rxe2+ 53.Kxe2 gxf5 54.Bxf5+ Kh6 55.Kd3 Bf8 56.Bd7 Bd6
57.Nf1 Be5 58.Kc2 Kg6 59.Be8+ Kh6 60.Ne3 Kg7 61.Bxh5 Kf8 62.Nf5 Kg8 63.Be8 Kf8
64.Bd7 Kg8 65.h5 Kh7 66.g4 Kg8 67.Ne7+ Kf7 68.Nc6 Nxc6 69.Bxc6 b4 70.axb4 Bd6
71.b5 a3 72.bxa3 Bxa3 73.b6 Kg7 74.Bd7 Kf8 75.Bf5  1-0

[Event "Saipa Cup"]
[Site "Tehran IRI"]
[Date "2003.09.13"]
[Round "1"]
[White "Ardeshi,M"]
[Black "Kayumov,D"]
[Result "1-0"]
[WhiteElo "2339"]
[BlackElo "2505"]

1.d4 Nf6 2.c4 e6 3.Nf3 b6 4.a3 Bb7 5.Nc3 d5 6.cxd5 Nxd5 7.Qc2 Nxc3 8.bxc3 Be7
9.e4 O-O 10.Bd3 c5 11.Qa2 Ba6 12.Bxa6 Nxa6 13.Qe2 Qc8 14.O-O cxd4 15.cxd4 Qb7
16.Rd1 Rfd8 17.h4 Nc7 18.Bf4 Ne8 19.Rd3 Nf6 20.Re1 Re8 21.Ne5 Red8 22.h5 h6
23.Qf3 Rac8 24.Bxh6 gxh6 25.Qf4 Kh7 26.Nxf7 Ng8 27.Qg4 Rf8 28.Qg6+  1-0

[Event "EYg18"]
[Site "Budva YUG"]
[Date "2003.09.17"]
[Round "5"]
[White "Worek,J"]
[Black "Gutsko,A"]
[Result "1-0"]
[WhiteElo "2241"]
[BlackElo "2184"]

1.d4 Nf6 2.c4 e6 3.Nf3 b6 4.a3 Bb7 5.Nc3 d5 6.cxd5 Nxd5 7.Qc2 c5 8.e4 Nxc3
9.bxc3 Be7 10.Bd3 Nd7 11.O-O O-O 12.Re1 Rc8 13.Qe2 Re8 14.Bf4 Bf6 15.Bb5 Bc6
16.Ba6 Ra8 17.Rad1 cxd4 18.cxd4 g5 19.Bg3 Nb8 20.Bd3 Bb7 21.Be5 Nc6 22.Bb5 a6
23.Bxc6 Bxc6 24.Bxf6 Qxf6 25.Ne5 Bb5 26.Qh5 Re7 27.Re3 Qg7 28.Rg3 f6 29.h4 Be8
30.Qe2 Kh8 31.Nf3 Bh5 32.hxg5 fxg5 33.Qc4 Bxf3 34.Rxf3 g4 35.Rg3 Rg8 36.Qxa6 h5
37.Qb5 e5 38.Rc3 h4 39.Rdd3 Qf7 40.Qxb6 Re6 41.Rc6 Rf8 42.d5 Rxc6 43.dxc6 g3
44.Rf3 Qg8 45.Rxf8 Qxf8 46.c7 h3 47.fxg3 h2+ 48.Kxh2 Kh7 49.Qc6 Qc8 50.a4 Kg7
51.a5 Kf7 52.a6  1-0

[Event "Saipa Cup"]
[Site "Tehran IRI"]
[Date "2003.09.17"]
[Round "5"]
[White "Ghorbani,M"]
[Black "Mahjoob,M"]
[Result "0-1"]
[WhiteElo "2353"]
[BlackElo "2408"]

1.d4 Nf6 2.c4 e6 3.Nf3 b6 4.a3 Ba6 5.Qc2 Bb7 6.Bg5 h6 7.Bh4 c5 8.dxc5 bxc5
9.Nc3 Be7 10.e3 O-O 11.Rd1 a6 12.Be2 d6 13.O-O Qb6 14.Rd2 Nbd7 15.Rfd1 Rfd8
16.h3 Bc6 17.Bg3 Ne8 18.Ne4 Ndf6 19.Nc3 Qb7 20.Ne1 Ne4 21.Nxe4 Bxe4 22.Bd3 Bc6
23.Be2 Be4 24.Qc1 Rac8 25.Bf3 Bxf3 26.Nxf3 Rc6 27.e4 Rcc8 28.Qc2 Nf6 29.Re2 Rd7
30.Nd2 Nh5 31.Bh2 Bg5 32.Nf3 Bf4 33.g3 Be5 34.Nxe5 dxe5 35.Rxd7 Qxd7 36.Rd2 Qb7
37.Qd3 Nf6 38.f3 Rc7 39.Qd8+ Kh7 40.g4 Rc8 41.Qd3 Rc7 42.Kf2 Rd7 43.Qc3 Rxd2+
44.Qxd2 Qb3 45.Qe2 Nd7 46.Kg2 f6 47.Bg1 Nb6 48.Bxc5 Nxc4 49.Bf2 Nxb2 50.Qxa6 Nd3
51.Qa7 Qd1 52.Kg3 Qf1 53.Be3 Ne1  0-1

[Event "EYb18"]
[Site "Budva YUG"]
[Date "2003.09.19"]
[Round "6"]
[White "Tallaksen,G"]
[Black "Tronenkovs,V"]
[Result "1/2-1/2"]
[WhiteElo "2285"]
[BlackElo "2218"]

1.d4 Nf6 2.c4 e6 3.Nf3 b6 4.a3 Bb7 5.Nc3 d5 6.Qc2 dxc4 7.e4 c5 8.d5 exd5
9.exd5 Bd6 10.Bxc4 O-O 11.O-O a6 12.Bg5 Nbd7 13.Ne4 Be7 14.Nxf6+ Bxf6 15.Qf5 g6
16.Qf4 Bxg5 17.Nxg5 Qf6 18.Qc7 Ne5 19.Ne4 Qf4 20.Qxb7 Nxc4 21.Rfe1 Rfe8 22.g3 Qf5
23.b3 Rab8 24.Qd7 Rxe4 25.Qxf5 gxf5 26.Rxe4 fxe4 27.bxc4 b5 28.Rb1 b4 29.Kf1 Kg7
30.axb4 cxb4 31.c5 Kf6 32.c6 Ke5 33.c7 Rc8 34.Rxb4 Rxc7 35.Ra4 Rc1+ 36.Kg2  1/2-1/2

[Event "EYb18"]
[Site "Budva YUG"]
[Date "2003.09.21"]
[Round "8"]
[White "Tallaksen,G"]
[Black "Seifert,V"]
[Result "1/2-1/2"]
[WhiteElo "2285"]
[BlackElo "2371"]

1.d4 e6 2.c4 Nf6 3.Nf3 b6 4.a3 Bb7 5.Nc3 d5 6.cxd5 Nxd5 7.Bd2 Nd7 8.Qc2 c5
9.e4 Nxc3 10.Bxc3 cxd4 11.Nxd4 a6 12.g3 Rc8 13.Bg2 Be7  1/2-1/2

[Event "TCh-FIN 2003-4"]
[Site "Finland FIN"]
[Date "2003.09.21"]
[Round "2"]
[White "Yrjola,J"]
[Black "Salo,H"]
[Result "1-0"]
[WhiteElo "2415"]
[BlackElo "2310"]

1.d4 Nf6 2.c4 e6 3.Nf3 b6 4.a3 Ba6 5.Qc2 Bb7 6.Nc3 c5 7.e4 cxd4 8.Nxd4 Bc5
9.Nb3 Nc6 10.Bd3 O-O 11.O-O Qb8 12.Qe2 Re8 13.Bg5 Be7 14.f4 d6 15.Rad1 h6
16.Bh4 a6 17.Bg3 e5 18.Nd5 exf4 19.Rxf4 Nxd5 20.exd5 Ne5 21.Nd4 Bg5 22.Re4 b5
23.b3 g6 24.Nf3 Nxf3+ 25.Qxf3 bxc4 26.bxc4 Qc7 27.h4 Rxe4 28.Qxe4 Bf6 29.h5 Rd8
30.hxg6 fxg6 31.Rf1 Qg7 32.Qe6+  1-0

[Event "TCh-FIN 2003-4"]
[Site "Finland FIN"]
[Date "2003.09.21"]
[Round "2"]
[White "Kanko,I"]
[Black "Laihonen,P"]
[Result "0-1"]
[WhiteElo "2275"]
[BlackElo "2260"]

1.d4 Nf6 2.c4 e6 3.Nf3 b6 4.a3 c5 5.d5 Ba6 6.Qc2 exd5 7.cxd5 g6 8.Nc3 Bg7
9.g3 O-O 10.Bg2 d6 11.O-O b5 12.Re1 Nbd7 13.Bf4 Qb6 14.e4 Ng4 15.h3 Nge5
16.Nd2 b4 17.Na4 Qb7 18.Re3 Rab8 19.Bf1 Rfc8 20.Rc1 Bxf1 21.Rxf1 Qa6 22.axb4 Rxb4
23.Ra3 Qb7 24.b3 c4 25.bxc4 h6 26.Be3 Nxc4 27.Nxc4 Rcxc4 28.Qa2 Rxe4 29.Nc3 Re8
30.Rxa7 Qc8 31.Ne2 Ne5 32.Rc1 Qxh3  0-1

[Event "GRE-GEO Match m"]
[Site "Athens GRE"]
[Date "2003.09.23"]
[Round "5"]
[White "Banikas,H"]
[Black "Mchedlishvili,M"]
[Result "1/2-1/2"]
[WhiteElo "2530"]
[BlackElo "2566"]

1.d4 Nf6 2.c4 e6 3.Nf3 b6 4.a3 Ba6 5.Qc2 Bb7 6.Nc3 c5 7.e4 cxd4 8.Nxd4 Nc6
9.Nxc6 Bxc6 10.Bf4 Nh5 11.Be3 Bc5 12.Bxc5 bxc5 13.O-O-O O-O 14.g3 f5 15.f4 Nf6
16.Bg2 fxe4  1/2-1/2

[Event "2nd League TCh-SCG"]
[Site "Belgrade SCG"]
[Date "2003.09.28"]
[Round "2"]
[White "Mijatovic,D"]
[Black "Hrzic,I"]
[Result "1-0"]
[WhiteElo "2290"]
[BlackElo "2296"]

1.d4 e6 2.c4 Nf6 3.Nf3 b6 4.a3 Bb7 5.Nc3 d5 6.Bg5 Be7 7.e3 O-O 8.Rc1 Nbd7
9.cxd5 exd5 10.Bd3 c5 11.O-O Ne4 12.Bxe7 Qxe7 13.dxc5 bxc5 14.b4 cxb4 15.axb4 Rac8
16.Qb3 Nb6 17.Ne2 h6 18.Ned4 Nc4 19.Rfe1 g6 20.Nb5 a6 21.Nc3 Ne5 22.Nxe5 Qxe5
23.Nxe4 dxe4 24.Bc4 Rc7 25.Ra1 Rfc8 26.Ra5 Qf6 27.Rc1 Kh7 28.h3 Rd8 29.Rc5 Rd2
30.Rf1 Rcd7 31.Qa4 Re7 32.Qa5 Rb2 33.b5 axb5 34.Rxb5 Rc2 35.Qd8 Rxc4 36.Rxb7 Re6
37.Qf8  1-0

[Event "2nd League TCh-SCG"]
[Site "Belgrade SCG"]
[Date "2003.10.01"]
[Round "5"]
[White "Arsovic,Z"]
[Black "Jovanovic,Zo1"]
[Result "1/2-1/2"]
[WhiteElo "2418"]
[BlackElo "2290"]

1.Nf3 Nf6 2.c4 b6 3.d4 e6 4.a3 Bb7 5.Nc3 d5 6.Bg5 Be7 7.Rc1 O-O 8.e3 dxc4
9.Bxc4 Nbd7 10.O-O c5 11.dxc5 Nxc5 12.Qe2 Nd5 13.Bxe7 Nxc3 14.Bxd8 Nxe2+
15.Bxe2 Rfxd8 16.b4 Ne4 17.Rc7 Nd6 18.Rd1 b5 19.Rxd6 Rxd6 20.Rxb7 a6 21.Rc7 Rdd8
22.Nd4 Rac8 23.Rc5 Rxc5 24.bxc5 Rd5 25.Nb3 Kf8 26.f4 Ke7 27.Kf2 f5 28.h3 h5
29.g3 g6 30.e4 fxe4 31.Ke3 a5 32.Kxe4 a4 33.Nd4 Rxc5 34.Nxb5 Rc1 35.g4 h4
36.g5 Rg1 37.Bg4 Rg3 38.Nd4 Rxa3 39.Bxe6 Rg3 40.Kd5 a3 41.Nc6+ Kf8 42.Nb4 Rb3
43.Na2 Ke7 44.f5 gxf5 45.Bxf5 Rg3 46.Kd4 Rxg5 47.Bc8 Rg2 48.Nc3 Kf6 49.Bb7 Rc2
50.Kd3 Rh2 51.Bc8 Ke5 52.Bd7 Rb2 53.Kc4  1/2-1/2

[Event "ECC"]
[Site "Rethymnon GRE"]
[Date "2003.10.01"]
[Round "4"]
[White "Kozul,Z"]
[Black "Stavrianakis,I"]
[Result "1-0"]
[WhiteElo "2596"]
[BlackElo "2035"]

1.d4 Nf6 2.Nf3 e6 3.c4 b6 4.a3 Ba6 5.Nbd2 c5 6.e3 Be7 7.Bd3 O-O 8.O-O Nc6
9.b3 cxd4 10.exd4 d5 11.Bb2 Rc8 12.Rc1 Na5 13.Re1 Rc7 14.Ne5 Qc8 15.Qe2 dxc4
16.bxc4 Rd8 17.Qf3 Bb7 18.Qh3 h6 19.Bb1 Nc6 20.Ndf3 Re8 21.Rc3 Na5 22.Nd2 Kf8
23.Qd3 Bd6 24.Qc2 Nc6 25.Rce3 Ne7 26.Qb3 Ba8 27.a4 Rd8 28.h3 Qb7 29.Ndf3 Qc8
30.g4 Nc6 31.g5 Ng8 32.Nxc6 Rxc6 33.g6 Rxc4 34.gxf7 Kxf7 35.Rxe6 Bd5 36.Rxd6 Rxd6
37.Ne5+ Kf8 38.Ba3 Rc5 39.dxc5 bxc5 40.Qe3  1-0

[Event "ECC"]
[Site "Rethymnon GRE"]
[Date "2003.10.02"]
[Round "5"]
[White "Krasenkow,M"]
[Black "Mchedlishvili,M"]
[Result "1/2-1/2"]
[WhiteElo "2585"]
[BlackElo "2566"]

1.d4 Nf6 2.c4 e6 3.Nf3 b6 4.a3 Ba6 5.Qc2 Bb7 6.Nc3 c5 7.e4 cxd4 8.Nxd4 Nc6
9.Nxc6 Bxc6 10.Bf4 Nh5 11.Be3 Bc5 12.Qe2 g6 13.Bxc5 bxc5 14.Qe3 Qb8 15.Rb1 Qe5
16.Be2 Nf4 17.Bf3 g5 18.g3 Ng6 19.O-O h5 20.Ne2 a5 21.Bg2 Rb8 22.Nc1 Qd4
23.Qxg5 Bxe4 24.Ne2 Qxc4 25.Bxe4 Qxe4 26.Nc3 Qe5 27.Qd2 Qd4 28.Qe2 Qg4 29.Qe3 Qd4
30.Qe2 Qg4 31.Qe3 Qd4  1/2-1/2

[Event "FSGM October"]
[Site "Budapest HUN"]
[Date "2003.10.06"]
[Round "3"]
[White "Szeberenyi,A"]
[Black "Berczes,D"]
[Result "1/2-1/2"]
[WhiteElo "2417"]
[BlackElo "2323"]

1.d4 Nf6 2.c4 e6 3.Nf3 b6 4.a3 Ba6 5.Qa4 Bb7 6.Nc3 c5 7.dxc5 Bxc5 8.Bg5 Be7
9.e3 O-O 10.Be2 d6 11.O-O Nbd7 12.Rfd1 a6 13.Nd2 Qc7 14.Rac1 Rac8 15.b4 Qb8
16.Nde4 Ne5 17.Nxf6+ gxf6 18.Bh6 Rfd8 19.e4 Kh8 20.Qb3 Rg8 21.Be3  1/2-1/2

[Event "Artic Cup u16"]
[Site "Salekhard RUS"]
[Date "2003.10.06"]
[Round "2"]
[White "Rakhmanov,A"]
[Black "Lysyj,I"]
[Result "1/2-1/2"]
[WhiteElo "2170"]
[BlackElo "2470"]

1.d4 e6 2.c4 b6 3.Nf3 Nf6 4.a3 Bb7 5.Nc3 g6 6.g3 Bg7 7.Bg2 Ne4 8.Nxe4 Bxe4
9.b3 c5 10.Bb2 Nc6 11.e3 O-O 12.O-O d5 13.Ne5 Bxg2 14.Nxc6 Qc7 15.Kxg2 Qxc6
16.Qf3 Rfd8 17.Rac1 Rac8 18.Rfd1 dxc4 19.Qxc6 Rxc6 20.Rxc4 Rcd6 21.Rdc1 cxd4
22.exd4 h5 23.Rc8 Bxd4 24.Rxd8+ Rxd8 25.Bxd4 Rxd4 26.Rc7 Rd3 27.Rxa7 Rxb3
28.a4 g5 29.a5 b5 30.Rb7 Kg7 31.a6 Kg6 32.a7 Ra3 33.Rxb5 Rxa7 34.Rb4 Ra2
35.h4 e5 36.hxg5 Kxg5 37.Rb5 f6 38.Rb8 Ra7 39.Rg8+ Kh6 40.Kf3 Rg7 41.Rh8+ Rh7
42.Rg8 Rg7 43.Rh8+ Kg5 44.Ke4 Kg4 45.Ke3 Rg5 46.Rh7 Rf5 47.Ke2 Rg5 48.Rh8 Rg7
49.Kf1 Kg5 50.Kg2 Kg6 51.Kf3 Rh7 52.Rg8+ Kf5 53.Ra8 h4 54.gxh4 Rxh4 55.Ra6 Rh3+
56.Ke2 Rb3 57.Kf1 Kg5 58.Kg2 f5 59.Re6 Kf4 60.Ra6 Rd3 61.Ra4+ Rd4 62.Ra3 e4
63.Rh3 Rd2 64.Kf1 Ra2 65.Ke1 Ra1+ 66.Ke2 Ra2+ 67.Ke1 Ke5 68.Rh5 Ra5 69.Rh8 Ra1+
70.Ke2 Ra2+ 71.Ke1 Kf6 72.f3 exf3 73.Rh3 f2+ 74.Kf1 Ke5 75.Rb3 Rd2 76.Ra3 Kf4
77.Ra4+ Kg5 78.Ra3 Kg4 79.Rg3+ Kf4 80.Rf3+ Ke4 81.Ra3 f4 82.Ra4+ Kf3 83.Ra3+ Kg4
84.Rb3 Ra2 85.Rc3 Kf5 86.Rf3 Kg4 87.Rb3 Kf5 88.Rc3 Kg5 89.Rb3 Rc2 90.Ra3 Kg4
91.Rb3 Rc1+ 92.Kxf2 Rc2+ 93.Kf1 Ra2 94.Rc3 Ra1+ 95.Kf2 Ra2+ 96.Kf1 Rh2 97.Ra3 Rh1+
98.Kg2 Re1 99.Kf2 Rh1 100.Kg2 Rb1  1/2-1/2

[Event "FSGM October"]
[Site "Budapest HUN"]
[Date "2003.10.09"]
[Round "6"]
[White "Bui Vinh"]
[Black "Balogh,C"]
[Result "1-0"]
[WhiteElo "2463"]
[BlackElo "2449"]

1.c4 Nf6 2.Nf3 e6 3.d4 b6 4.a3 Ba6 5.Qc2 Bb7 6.Nc3 c5 7.dxc5 Bxc5 8.Bg5 Be7
9.Rd1 O-O 10.e4 Nh5 11.h4 Nf6 12.Be2 Nc6 13.e5 Ne8 14.Bd3 h6 15.Qe2 f5 16.Bf4 Rc8
17.h5 Na5 18.Rh3 Bxf3 19.Rxf3 Bg5 20.Bh2 Qc7 21.Nb5 Qb7 22.b4 Nb3 23.Qb2 a6
24.Nd6 Nxd6 25.exd6 e5 26.Bxe5 Rce8 27.Qxb3 Rxe5+ 28.Kf1 Qb8 29.Qc2 f4 30.Bg6 Rf6
31.Rfd3 Qa8 32.Rd5 Rxd5 33.Rxd5 f3 34.gxf3 Qf8 35.Qe4 Rxf3 36.Rf5 Rxf5 37.Bxf5 Qd8
38.c5 bxc5 39.bxc5 Kf8 40.Bg6 Bh4 41.c6 dxc6 42.Qe6  1-0

[Event "2nd It"]
[Site "Klaksvik FAI"]
[Date "2003.10.09"]
[Round "4"]
[White "Poulsen,Ma"]
[Black "Bjarnason,S"]
[Result "0-1"]
[WhiteElo "2252"]
[BlackElo "2284"]

1.d4 Nf6 2.c4 e6 3.Nf3 b6 4.a3 Bb7 5.Nc3 d5 6.cxd5 Nxd5 7.Qc2 Be7 8.e4 Nxc3
9.bxc3 O-O 10.Bd3 c5 11.O-O Qc8 12.Re1 cxd4 13.Nxd4 Nc6 14.e5 g6 15.Nf3 Rd8
16.Bg5 Qc7 17.Be4 Rac8 18.h4 Na5 19.Rad1 Nc4 20.Rxd8+ Rxd8 21.Bxb7 Qxb7 22.a4 Bxg5
23.Nxg5 Qd5 24.Nf3 Kg7 25.Kh2 h6 26.Kg3 Qd3 27.Qc1 Nd2 28.Qxd2 Qxd2 29.Nxd2 Rxd2
30.Kf3 Kf8 31.Re4 Rd3+ 32.Re3 Rd5 33.Ke2 Ke7 34.f4 Kd7 35.Re4 Kc6 36.Rb4 g5
37.hxg5 hxg5 38.g3 g4 39.Re4 Kc5 40.Rb4 Rd8 41.Re4 Rh8 42.Rd4 Kc6 43.Rc4+ Kd7
44.Rd4+ Ke7 45.Rc4 Rh3 46.Rc7+ Kf8 47.Kf2 Rh2+ 48.Kf1 a5 49.Rb7 Rb2 50.Rb8+ Kg7
51.Rb7 Kg6 52.Kg1 Ra2 53.Rxb6 Rxa4 54.Rb7 Rc4 55.Ra7 Rxc3 56.Kf2 Rf3+ 57.Kg2 Ra3
58.Kf2 Ra2+ 59.Kg1 a4 60.Kh1 a3 61.Kg1 Kf5 62.Rxf7+ Ke4 63.f5 Rb2 64.Ra7 a2
65.fxe6 Rb1+ 66.Kg2 a1=Q 67.Rxa1 Rxa1 68.e7 Ra8  0-1

[Event "FSGM October"]
[Site "Budapest HUN"]
[Date "2003.10.11"]
[Round "8"]
[White "Szeberenyi,A"]
[Black "Balogh,C"]
[Result "1/2-1/2"]
[WhiteElo "2417"]
[BlackElo "2449"]

1.d4 Nf6 2.c4 e6 3.Nf3 b6 4.a3 Ba6 5.Qb3 Be7 6.Nc3 d5 7.cxd5 Nxd5 8.e4 Bxf1
9.Kxf1 Nxc3 10.Qxc3 O-O 11.Bf4 c5 12.dxc5 bxc5 13.g3 Qb6 14.Kg2  1/2-1/2

[Event "EuTCh"]
[Site "Plovdiv BUL"]
[Date "2003.10.11"]
[Round "1"]
[White "Eljanov,P"]
[Black "Barkhagen,J"]
[Result "1/2-1/2"]
[WhiteElo "2597"]
[BlackElo "2480"]

1.Nf3 Nf6 2.c4 b6 3.d4 e6 4.a3 Bb7 5.Nc3 d5 6.cxd5 Nxd5 7.e3 g6 8.Nxd5 exd5
9.Be2 Bg7 10.b4 O-O 11.O-O c6 12.Bd2 Nd7 13.a4 a6 14.Rc1 Re8 15.a5 b5 16.Ne1 Qe7
17.Nd3 Qd6 18.Bf3 Re7 19.Qb3 Rae8 20.Rc2 Kh8 21.Rfc1 Kg8 22.g3 Kh8 23.Bg2 h6
24.Rc3 Kh7 25.Qc2 Rc8 26.Bh3 f5 27.Bg2 Ree8 28.h4 h5 29.Qb3 Bh8 30.R3c2 Bg7
31.Bc3 Bh8 32.Bb2 Bg7 33.Qc3 Qf8 34.Qd2 Qd6 35.Qd1 Bf8 36.Qf3 Bg7 37.Bh3 Rf8
38.Qf4 Qe7 39.Bg2 Bh6 40.Qf3 Bg7 41.Bc3 Qe4 42.Qd1 Qe7 43.Bd2 Rfe8 44.Bc3 Rf8
45.Bb2 Rfe8 46.Qd2 Qd6 47.Nc5 Nxc5 48.dxc5 Qe7 49.Bd4 Be5 50.Bxe5 Qxe5 51.Qc3 Qxc3
52.Rxc3 Kg7 53.Rd3 Kf6 54.Rd4 Rc7 55.Kf1 Rce7 56.Ke2 Bc8 57.Kd2 Rd7 58.Re1 Red8
59.f3 Ke5 60.Kc3 Rf8 61.Red1 Rfd8 62.Rf4 Rh8 63.Rdd4 Rhh7 64.e4 dxe4 65.Rxd7 Rxd7
66.fxe4 Rd1 67.exf5 Bxf5 68.Bxc6 Rd3+ 69.Kb2 Rxg3 70.Rf2 Rg4 71.Re2+ Kf6
72.Ka3 Rg3+ 73.Kb2 Rg4 74.Ka3 Rg3+ 75.Kb2 Rg4  1/2-1/2

[Event "FSGM October"]
[Site "Budapest HUN"]
[Date "2003.10.13"]
[Round "10"]
[White "Szeberenyi,A"]
[Black "Nguyen Ngoc Truongson"]
[Result "1-0"]
[WhiteElo "2417"]
[BlackElo "2417"]

1.d4 Nf6 2.c4 e6 3.Nf3 b6 4.a3 Bb7 5.Nc3 Be7 6.d5 O-O 7.e4 d6 8.Be2 e5 9.O-O Nbd7
10.Be3 a5 11.Qc2 g6 12.Nd2 Ne8 13.f3 Bg5 14.Bf2 Nc5 15.Nb3 Bc8 16.Nxc5 bxc5
17.b4 axb4 18.axb4 Rxa1 19.Rxa1 cxb4 20.Na2 f5 21.Nxb4 fxe4 22.fxe4 Qf6 23.Rf1 h5
24.c5 Bd7 25.cxd6 cxd6 26.Bb6 Qg7 27.Ra1 Qh6 28.Qd3 Nf6 29.Nc6 h4 30.Nd8 Nxe4
31.Ne6 Rb8 32.Qxe4 Rxb6 33.Ra8+ Kf7 34.Qf3+ Bf4 35.Ra7 Ke7 36.Nxf4 Rb1+ 37.Kf2  1-0

[Event "Femida"]
[Site "Kharkov UKR"]
[Date "2003.10.13"]
[Round "7"]
[White "Dvoretska,O"]
[Black "Gutsko,A"]
[Result "0-1"]
[WhiteElo "2212"]
[BlackElo "2203"]

1.d4 Nf6 2.c4 e6 3.Nf3 b6 4.a3 Bb7 5.Nc3 Ne4 6.Qc2 f5 7.g3 Be7 8.Bg2 Nxc3
9.Qxc3 O-O 10.h4 d6 11.O-O Qe8 12.d5 Bf6 13.Qc2 Na6 14.Be3 Nc5 15.Bxc5 bxc5
16.Rad1 a5 17.Ne1 Rb8 18.b3 exd5 19.Bxd5+ Bxd5 20.Rxd5 Qe4 21.Rd3 f4 22.Kh2 fxg3+
23.fxg3 Bxh4 24.Rxf8+ Rxf8 25.Rf3 Qxc2 26.Nxc2 Bg5 27.Rxf8+ Kxf8 28.Kg2 Ke7
29.Kf3 Ke6 30.Ne1 Ke5 31.e3 h5 32.Nd3+ Ke6 33.Ke4 Bh6 34.Kf3 g5 35.Ne1 Bg7
36.Nd3 Be5 37.Nf2 g4+ 38.Kg2 Kf5 39.e4+ Kg5 40.Nd3 Kf6 41.b4 cxb4 42.axb4 a4
43.b5 a3 44.Nb4 Bd4  0-1

[Event "ch-Africa"]
[Site "Abuja NGR"]
[Date "2003.10.14"]
[Round "6"]
[White "Arab,A"]
[Black "Solomon,K"]
[Result "1-0"]
[WhiteElo "2241"]
[BlackElo "2339"]

1.d4 Nf6 2.c4 e6 3.Nf3 b6 4.a3 Bb7 5.Nc3 d5 6.cxd5 Nxd5 7.e3 g6 8.Bb5+ c6
9.Bd3 Bg7 10.O-O O-O 11.Ne4 Qc7 12.Bd2 Nd7 13.Rc1 Rad8 14.b4 Qb8 15.Qe2 e5
16.Ba6 Ba8 17.Nc3 e4 18.Ng5 Nxc3 19.Bxc3 b5 20.a4 h6 21.Nh3 bxa4 22.Nf4 Nb6
23.Qc2 Rfe8 24.b5 Qd6 25.Ba5 cxb5 26.Bxb5 Rf8 27.Qd2 Qf6 28.Bb4 h5 29.Rc7 Qf5
30.Rc5 Qf6 31.Rc7 Qf5 32.Qe2 Rc8 33.Rxa7 Rfd8 34.Ba5 Rd6 35.Bxb6 Rxb6 36.Bd7  1-0

[Event "YM"]
[Site "Zug SUI"]
[Date "2003.10.16"]
[Round "10"]
[White "Berkvens,J"]
[Black "Rau,H"]
[Result "1-0"]
[WhiteElo "2450"]
[BlackElo "2372"]

1.d4 Nf6 2.c4 e6 3.Nf3 b6 4.a3 Ba6 5.Qc2 Bb7 6.Nc3 c5 7.e4 cxd4 8.Nxd4 Bc5
9.Nb3 Nc6 10.Bf4 Be7 11.Be2 O-O 12.Rd1 Ne8 13.O-O d6 14.Rd3 a6 15.e5 Qc7
16.exd6 Bxd6 17.Bxd6 Nxd6 18.Nd5 exd5 19.cxd5 Rfc8 20.dxc6 Bxc6 21.Bf3 Bxf3
22.Qxc7 Rxc7 23.Rxd6 Rc6 24.Rd4 Rg6 25.g3 Re8 26.Nd2 Ba8 27.Rc1 h6 28.Nf1 Rc6
29.Rxc6 Bxc6 30.Ne3 Bf3 31.Kf1 Rc8 32.Ke1 Rc1+ 33.Kd2 Rb1 34.Kc3 Re1 35.Rd2 g6
36.h4 Rc1+ 37.Rc2 Rxc2+ 38.Nxc2 Kg7 39.Kd4 Kf6 40.Ne3 g5 41.hxg5+ Kxg5 42.Nc4 b5
43.Ne5 Bh5 44.b4 f6 45.Nd7 Bg4 46.Nc5 Bc8 47.Ne4+ Kg6 48.Ke3 Bb7 49.Nc5 Bc8
50.Kf4 Kf7 51.Ke4 Kg6 52.Kd5 h5 53.Kc6 Kg5 54.Ne4+ Kg6 55.Kb6 Bf5 56.Nc5 Kg5
57.Kxa6 Kg4 58.Kxb5 Kf3 59.a4 Kxf2 60.a5 Bg4 61.Ne4+  1-0

[Event "EuTCh"]
[Site "Plovdiv BUL"]
[Date "2003.10.18"]
[Round "7"]
[White "Eljanov,P"]
[Black "Perunovic,Mil"]
[Result "0-1"]
[WhiteElo "2597"]
[BlackElo "2534"]

1.d4 Nf6 2.Nf3 e6 3.c4 b6 4.a3 Ba6 5.Qc2 Bb7 6.Nc3 c5 7.e4 cxd4 8.Nxd4 Bc5
9.Nb3 Nc6 10.Bd3 O-O 11.O-O e5 12.Bg5 h6 13.Bh4 Be7 14.f3 Rc8 15.Bf2 Ne8
16.Nd5 Nc7 17.Nxe7+ Nxe7 18.Rfd1 Ne6 19.Rac1 Nc6 20.Bf1 d6 21.Rd2 Qe7 22.Rcd1 Rcd8
23.Qc3 Qc7 24.Nc1 f5 25.exf5 Ned4 26.Bd3 Nxf5 27.Bxf5 Rxf5 28.Ne2 Rff8 29.b4 Ne7
30.Qb3 Kh8 31.Nc3 Nf5 32.a4 Ba6 33.Nb5 Qf7 34.Qd3 h5 35.h3 Qe7 36.Nc3 Rc8
37.b5 Bb7 38.Rc2 Qf7 39.Nd5 Bxd5 40.cxd5 Ne7 41.Rc6 Ng6 42.Rxd6 Nf4 43.Qd2 Rc3
44.Rc6 Rd3 45.Qc2 e4 46.Bg3 Qxd5 47.Rxd3 exd3 48.Qd2 Ne2+ 49.Kh2 Qd4 50.Qd1 h4
51.Bc7 Rf7 52.Kh1 Rd7 53.Bh2 d2  0-1

[Event "300 Years"]
[Site "St Petersburg RUS"]
[Date "2003.10.18"]
[Round "1"]
[White "Pliasunov,A"]
[Black "Riazantsev,A"]
[Result "0-1"]
[WhiteElo "2389"]
[BlackElo "2572"]

1.d4 Nf6 2.c4 e6 3.Nf3 b6 4.a3 Bb7 5.Nc3 d5 6.cxd5 exd5 7.Bg5 Be7 8.Qa4+ c6
9.e3 O-O 10.Bd3 Nbd7 11.Ne5 Qc7 12.Bxf6 Nxf6 13.O-O a6 14.Rac1 c5 15.Bb1 b5
16.Qc2 g6 17.Nf3 c4 18.Ne5 Nd7 19.f4 Nxe5 20.fxe5 f6 21.exf6 Bxf6 22.Rce1 Bg5
23.Rxf8+ Rxf8 24.Qe2 Qd6 25.Rd1 Re8 26.e4 dxe4 27.Bxe4 Kg7 28.Qg4 Be3+ 29.Kh1 Bxe4
30.Nxe4 Qe6 31.Qxe6 Rxe6 32.Nc5 Rf6 33.g3 Rf2 34.Re1 Bg5 35.Ne4 Rf5 36.h4 Bd8
37.Rd1 Rd5 38.Nc3 Rd7 39.d5 Bf6 40.Ne4 Bxb2 41.Nc5 Rd6 42.Nb7 Rb6 43.d6 Rxb7
44.d7 Bf6 45.d8=Q Bxd8 46.Rxd8 Rc7  0-1

[Event "300 Years"]
[Site "St Petersburg RUS"]
[Date "2003.10.18"]
[Round "1"]
[White "Kopasov,E"]
[Black "Tunik,G"]
[Result "0-1"]
[WhiteElo "2221"]
[BlackElo "2482"]

1.d4 Nf6 2.c4 e6 3.Nf3 b6 4.a3 Ba6 5.Qc2 Bb7 6.Nc3 c5 7.e4 cxd4 8.Nxd4 d6
9.Be2 a6 10.Be3 Qc7 11.O-O Be7 12.f3 O-O 13.Rac1 Nbd7 14.Rfd1 Rac8 15.Bf1 Qb8
16.Qf2 Rfe8 17.b4 Bd8 18.Nb3 Bc7 19.g3 Bd8 20.Na4 Ba8 21.b5 axb5 22.cxb5 Rxc1
23.Bxc1 d5 24.exd5 Nxd5 25.Nd4 Bf6 26.Nb2 Rc8 27.Nc4 Qa7 28.Qc2 Ne5 29.Qb3 Nxc4
30.Bxc4 Qc7 31.Nc6 Bxc6 32.bxc6 Nc3 33.Ba6 Rf8 34.Bb7 Nxd1 35.Qxd1 Rd8 36.Qe2 Qe5
37.Be3 Be7 38.Qf2 Bc5 39.Bxc5 bxc5 40.a4 Rd1+ 41.Kg2 c4 42.Qc2 Rd8 43.Qxc4 Rd2+
44.Kh3 Qh5+ 45.Qh4 Qxf3 46.Qd8+ Rxd8 47.c7 Qh5+  0-1